Una sistematización de experiencias en el área clínica y exploración de posibilidades futuras : memoria de trabajo 77-78 /

Сохранить в:
Библиографические подробности
Соавтор: ITESO. Centro Polanco
Другие авторы: Gutiérrez de Palm, Cristina (texto) (texto), Ray Bazán, José Antonio (presentación) (presentación)
Формат:
Язык:испанский
Опубликовано: Guadalajara, México : ITESO, 1980
Предметы:
Метки: Добавить метку
Нет меток, Требуется 1-ая метка записи!

MARC

LEADER 00000nam^a2200000^a^4500
001 000107641
005 20250521000000.0
009 20260526122348.734
037 |a Acervo ITESO - Biblioteca 
041 |a ESP 
082 |a 378. 72352  |b ITESO-cp 1980 
110 |a ITESO.  |b Centro Polanco 
245 1 4 |a Una sistematización de experiencias en el área clínica y exploración de posibilidades futuras :  |b memoria de trabajo 77-78 /  |c ITESO ; texto de C. Gutiérrez de Palm ; presen. de J.A. Ray Bazán. 
264 1 |a Guadalajara, México :  |b ITESO,  |c 1980 
300 |a 38 h. 
336 |a texto  |b txt  |2 rdacontenido 
337 |a sin mediación  |b n  |2 rdamedio 
338 |a volumen  |b nc  |2 rdasoporte 
585 |a Exposición DIA 2024-11 / Orientaciones Fundamentales del ITESO: cimiento, presente y sueño 
649 |a XX 
650 |a ITESO, Centro Polanco -  |x Tema Principal 
650 |a Zonas Marginadas -  |z Guadalajara, Jalisco 
650 |a Zonas Marginadas -  |z México 
650 |a Psicoterapia -  |x Tema Principal 
650 |a Psicología Social 
650 |a Educación y Promoción Popular -  |z Guadalajara, Jalisco -  |x Tema Principal 
650 |a Educación y Promoción Popular -  |z México 
650 |a Desarrollo Comunitario -  |z Guadalajara, Jalisco 
650 |a Desarrollo Comunitario -  |z México 
650 |a Educación y Sociedad -  |z Guadalajara, Jalisco 
650 |a Educación y Sociedad -  |z México 
650 |a Sociología de la Educación 
700 |a Gutiérrez de Palm, Cristina  |e (texto) 
700 |a Ray Bazán, José Antonio  |e (presentación) 
910 |a Fondo General 
920 |a Impresos - Libros 
930 |a Colección General 
905 |a 101 
901 |a 0500043597  |b IT1  |c ACC  |u 20250521 
902 |a https://opac.biblio.iteso.mx/vufind/Record/000107641